Biologi . Tingkatan 4 . 5

Bibliographic Details
Main Authors: Kee, Bee Suan (Author), Chiew, Grace Lai Choo (Author), Choo, Yan Tong (Author), Quek, Yoke Hua (Author)
Format: Book
Published: Bangi, Selangor : Penerbitan Pelangi Sdn.Bhd. 2016
Series:Focus SPM
Subjects:

MARC

LEADER 00000cam a2200000 7i4500
001 0000123257
005 20170821.0
008 170821s20162016 ad 0000 bm
020 |a 9789830075532 
040 |a PERPUSTAM   |b eng   |c PERPUSTAM   |e rda 
090 0 0 |a 570.76   |b KEE 
100 1 |a Kee, Bee Suan ,   |e author 
245 1 0 |a Biologi .   |n Tingkatan 4 . 5   |c Kee Bee Suan, Quek Yoke Hua, Choo Yan Tong, Grace Chiew 
264 1 |a Bangi, Selangor :   |b Penerbitan Pelangi Sdn.Bhd.   |c 2016 
300 |a vii, 544 pages :   |b colour illustrations ;   |c 26 cm. 
336 |a text, rdacontent 
337 |a unmediated  |2 rdamedia 
338 |a volume  |2 rdacarrier 
490 1 |a FOCUS SPM 
500 |a Includes questions and answers 
650 1 0 |a Biology   |v Problems, exercises, etc 
700 1 |a Chiew, Grace Lai Choo ,   |e author. 
700 1 |a Choo, Yan Tong ,   |e author. 
700 1 |a Quek, Yoke Hua ,   |e author. 
830 0 |a Focus SPM 
999 |a 0000446908   |b Buku   |c Koleksi Peperiksaan   |e Perbadanan Perpustakaan Awam Melaka 
999 |a 0000446909   |b Buku   |c Koleksi Peperiksaan   |e Perpustakaan Cawangan Jasin 
999 |a 0000446910   |b Buku   |c Koleksi Peperiksaan   |e Perpustakaan Cawangan Masjid Tanah 
999 |a 0000446911   |b Buku   |c Koleksi Peperiksaan   |e Perpustakaan Cawangan Merlimau 
999 |a 0000446912   |b Buku   |c Koleksi Peperiksaan   |e Perbadanan Perpustakaan Awam Melaka 
999 |a 0000446913   |b Buku   |c Koleksi Peperiksaan   |e Perbadanan Perpustakaan Awam Melaka 
999 |a 0000446914   |b Buku   |c Koleksi Peperiksaan   |e PERPUSTAKAAN PENJARA SUNGAI UDANG 
999 |a 0000446915   |b Buku   |c Koleksi Peperiksaan   |e Perbadanan Perpustakaan Awam Melaka 
999 |a 0000446916   |b Buku   |c Koleksi Peperiksaan   |e Perbadanan Perpustakaan Awam Melaka 
999 |a 0000446917   |b Buku   |c Koleksi Peperiksaan   |e Perbadanan Perpustakaan Awam Melaka 
999 |a 0000446918   |b Buku   |c Koleksi Peperiksaan   |e Perbadanan Perpustakaan Awam Melaka 
999 |a 0000446919   |b Buku   |c Koleksi Peperiksaan   |e Perbadanan Perpustakaan Awam Melaka 
999 |a 0000446920   |b Buku   |c Koleksi Peperiksaan   |e Perbadanan Perpustakaan Awam Melaka 
999 |a 0000446921   |b Buku   |c Koleksi Peperiksaan   |e Perbadanan Perpustakaan Awam Melaka 
999 |a 0000446922   |b Buku   |c Koleksi Peperiksaan   |e Perbadanan Perpustakaan Awam Melaka 
999 |a 0000446923   |b Buku   |c Koleksi Peperiksaan   |e Perbadanan Perpustakaan Awam Melaka 
999 |a 0000446924   |b Buku   |c Koleksi Peperiksaan   |e Perbadanan Perpustakaan Awam Melaka 
999 |a 0000446925   |b Buku   |c Koleksi Peperiksaan   |e Perbadanan Perpustakaan Awam Melaka 
999 |a 0000446926   |b Buku   |c Koleksi Peperiksaan   |e Perbadanan Perpustakaan Awam Melaka 
999 |a 0000446927   |b Buku   |c Koleksi Peperiksaan   |e Perbadanan Perpustakaan Awam Melaka 
999 |a 0000446928   |b Buku   |c Koleksi Peperiksaan   |e Perbadanan Perpustakaan Awam Melaka 
999 |a 0000446929   |b Buku   |c Koleksi Peperiksaan   |e Perbadanan Perpustakaan Awam Melaka 
999 |a 0000446930   |b Buku   |c Koleksi Peperiksaan   |e Perbadanan Perpustakaan Awam Melaka 
999 |a 0000446931   |b Buku   |c Koleksi Peperiksaan   |e Perbadanan Perpustakaan Awam Melaka 
999 |a 0000446932   |b Buku   |c Koleksi Peperiksaan   |e Perbadanan Perpustakaan Awam Melaka 
999 |a 0000446933   |b Buku   |c Koleksi Peperiksaan   |e Perbadanan Perpustakaan Awam Melaka 
999 |a 0000446934   |b Buku   |c Koleksi Peperiksaan   |e Perbadanan Perpustakaan Awam Melaka 
999 |a 0000446935   |b Buku   |c Koleksi Peperiksaan   |e Perpustkaan Desa Lubuk China 
999 |a 0000446936   |b Buku   |c Koleksi Peperiksaan   |e Perbadanan Perpustakaan Awam Melaka 
999 |a 0000446937   |b Buku   |c Koleksi Peperiksaan   |e Perbadanan Perpustakaan Awam Melaka 
999 |a 0000446938   |b Buku   |c Koleksi Peperiksaan   |e PK Aeon Jaya Jusco 
999 |a 0000446939   |b Buku   |c Koleksi Peperiksaan   |e PK Melaka Mall 
999 |a 0000446940   |b Buku   |c Koleksi Peperiksaan   |e Perbadanan Perpustakaan Awam Melaka 
999 |a 0000446941   |b Buku   |c Koleksi Peperiksaan   |e Perbadanan Perpustakaan Awam Melaka 
999 |a 0000446942   |b Buku   |c Koleksi Peperiksaan   |e Perpustakaan Komuniti UTC Melaka 
999 |a 0000446943   |b Buku   |c Koleksi Peperiksaan   |e Perbadanan Perpustakaan Awam Melaka 
999 |a 0000446944   |b Buku   |c Koleksi Peperiksaan   |e Perbadanan Perpustakaan Awam Melaka 
999 |a 0000446945   |b Buku   |c Koleksi Peperiksaan   |e Perbadanan Perpustakaan Awam Melaka